Por eso hemos venido a dejarte siquiera ... (50 años después) (Record no. 9091)

MARC details
000 -CABECERA
campo de control de longitud fija 00953nam a2200241 a 4500
001 - NÚMERO DE CONTROL
campo de control BRL_278
005 - FECHA Y HORA DE LA ÚLTIMA TRANSACCIÓN
campo de control 20190320210652.0
008 - DATOS DE LONGITUD FIJA--INFORMACIÓN GENERAL
campo de control de longitud fija 180713s1996----mx-o###f##---#000-0#spa-#
041 ## - CÓDIGO DE LENGUA
Código de lengua del texto/banda sonora o título independiente spa
044 ## - CÓDIGO DEL PAÍS DE LA ENTIDAD EDITORA/PRODUCTORA
Código MARC del país mx
050 #4 - SIGNATURA TOPOGRÁFICA DE LA BIBLIOTECA DEL CONGRESO
Número de clasificación R751.U56
Número de documento/Ítem .I88 1996
100 1# - ENTRADA PRINCIPAL--NOMBRE DE PERSONA
Nombre de persona Isunza Jardón, Luis
9 (RLIN) 23440
245 10 - MENCIÓN DE TÍTULO
Título Por eso hemos venido a dejarte siquiera ... (50 años después)
Resto del título libro conmemorativo del jubileo profesional de médicoscirujanos de la generación 1940-46, egresados de la Facultad de Medicina de la UNAM.
Mención de responsabilidad, etc. autor y recopilador Dr. Luis Isunza Jardón
260 ## - PUBLICACIÓN, DISTRIBUCIÓN, ETC.
Lugar de publicación, distribución, etc. México
Nombre del editor, distribuidor, etc. UNAM
Fecha de publicación, distribución, etc. 1996
300 ## - DESCRIPCIÓN FÍSICA
Extensión 1 v. (en varias paginaciones)
Otras características físicas il.
Dimensiones 28 cm.
500 ## - NOTA GENERAL
Nota general Incluye dedicatoria para Ruth Lechuga
500 ## - NOTA GENERAL
Nota general Au284
650 14 - PUNTO DE ACCESO ADICIONAL DE MATERIA--TÉRMINO DE MATERIA
Término de materia o nombre geográfico como elemento de entrada Cirujanos
Subdivisión geográfica México
9 (RLIN) 23441
650 14 - PUNTO DE ACCESO ADICIONAL DE MATERIA--TÉRMINO DE MATERIA
Término de materia o nombre geográfico como elemento de entrada Medicina
Subdivisión general Anécdotas, chistes, sátiras, etc.
9 (RLIN) 11062
710 2# - PUNTO DE ACCESO ADICIONAL--NOMBRE DE ENTIDAD CORPORATIVA
Nombre de entidad corporativa o nombre de jurisdicción como elemento de entrada Universidad Nacional Autónoma de México
Unidad subordinada Facultad de Medicina
9 (RLIN) 23442
902 ## - CATALOGADOR
Iniciales GRL
942 ## - ELEMENTOS DE PUNTO DE ACCESO ADICIONAL (KOHA)
Fuente del sistema de clasificación o colocación Library of Congress Classification
Tipo de ítem Koha Libros
Holdings
Estado de retiro Estado de pérdida Estado dañado No para préstamo Localización permanente Ubicación/localización actual Fecha de adquisición Número de inventario Total de préstamos Signatura topográfica completa Código de barras Fecha visto por última vez Precio válido a partir de Tipo de ítem Koha
El ejemplar forma parte de la colección y puede ser consultado según las políticas vigentes.       Biblioteca Centro de Estudios Ruth D. Lechuga Biblioteca Centro de Estudios Ruth D. Lechuga 18/07/2013 Au284   R751.U56 .I88 1996 (Au284) GRL00293 22/03/2019 22/03/2019 Libros